| 000 | 00708cab a2200193 4500 | ||
|---|---|---|---|
| 001 | WB2847-30 | ||
| 008 | 090401t1992 xxu||||| |||| 00| 0 eng d | ||
| 035 | _a(Sirsi) u72885 | ||
| 041 | _aeng | ||
| 245 | _aScheme to buy empty properties | ||
| 260 | _c1992 | ||
| 350 | _a0 | ||
| 490 |
_aMoney Management _v12(12) December 1992, 4(1) |
||
| 520 | _aThe Housing Corporation has been assigned £577m by the Treasury to buy properties on the open market, as stated in the Autumn Statement, and has now released the names of the twenty seven housing associations who have agreed to participate in the scheme. | ||
| 650 | _aHOUSING MARKET | ||
| 690 | _aHOUSING-FINANCE | ||
| 942 | _n0 | ||
| 948 | _c04/03/1997 | ||
| 999 |
_c46065 _d46065 |
||